Giáo trình môn học PLC Mitsubishi programmable controllers /

Cung cấp một số khía cạnh của bộ điều khiển tự động (PLC) dựa trên quá trình tìm hiểu về bộ PLC FX1N thuộc họ FX của hãng Mitsubishi Electric. Qua đó, giúp sinh viên, học sinh có những khái niệm cơ bản về tự động hóa dùng PLC trong công nghiẹ...

সম্পূর্ণ বিবরণ

সংরক্ষণ করুন:
গ্রন্থ-পঞ্জীর বিবরন
প্রধান লেখক: Lê Hoàng Vinh
অন্যান্য লেখক: Đào Duy Khương, Võ Thị Ánh Tuyết, Trần Thị Thu Thủy
বিন্যাস: গ্রন্থ
ভাষা:Vietnamese
প্রকাশিত: Tp.HCM : Trường Cao Đẳng Công nghiệp IV , 2004
বিষয়গুলি:
ট্যাগগুলো: ট্যাগ যুক্ত করুন
কোনো ট্যাগ নেই, প্রথমজন হিসাবে ট্যাগ করুন!
Thư viện lưu trữ: Thư viện Trường CĐ Kỹ Thuật Cao Thắng
LEADER 01629nam a2200241 a 4500
001 TVCDKTCT2903
003 Thư viện trường Cao đẳng Kỹ thuật Cao Thắng
005 20050831000000
008 050831
980 \ \ |a Thư viện Trường CĐ Kỹ Thuật Cao Thắng 
024 |a RG_1 #1 eb0 i1 
041 0 # |a vie 
082 # # |a 621.3 /   |b L250V_g 
100 1 # |a Lê Hoàng Vinh 
245 0 0 |a Giáo trình môn học PLC Mitsubishi programmable controllers /  |c Lê Hoàng Vinh, ...[et al.] 
260 # # |a Tp.HCM :  |b Trường Cao Đẳng Công nghiệp IV ,  |c 2004 
300 # # |a 117tr. ;  |c 27cm 
520 # # |a Cung cấp một số khía cạnh của bộ điều khiển tự động (PLC) dựa trên quá trình tìm hiểu về bộ PLC FX1N thuộc họ FX của hãng Mitsubishi Electric. Qua đó, giúp sinh viên, học sinh có những khái niệm cơ bản về tự động hóa dùng PLC trong công nghiệp, trình bày một số lệnh cơ bản chủ yếu về tập lệnh PLC. Cụ thể: Giới thiệu tổng quan về PLC; Các thiết bị và lệnh cơ bản; Kỹ thuật lập trình Step Ladder; Sử dụng phần mềm FXGP-WIN E; Sử dụng phần mềm FX-TRN-BEG E; Lựa chọn, lắp đặt và kiểm tra, bảo trì hệ thống PLC. 
650 # 4 |a Giáo trình môn học PLC 
650 # 4 |a Mitsubishi programmable Controllers 
700 0 # |a Đào Duy Khương 
700 0 # |a Võ Thị Ánh Tuyết 
700 0 # |a Trần Thị Thu Thủy